| 000 | 00686cab a2200205 4500 | ||
|---|---|---|---|
| 001 | WB2423-40 | ||
| 008 | 090401t1988 xxu||||| |||| 00| 0 eng d | ||
| 035 | _a(Sirsi) u38396 | ||
| 041 | _aeng | ||
| 245 | _aDTI boosts PINCs | ||
| 260 | _c1988 | ||
| 350 | _a0 | ||
| 490 |
_aEstates Times _vno 947, 3/6/88 p1 |
||
| 520 | _aThe PINCs Association has gained a major concession from the DTI allowing it to gear up on its unitised property vehicles. This follows a severe setback for the Barkshire Committee `s alternative, SPOTs . (See also WB2421-41) | ||
| 650 | _aINVESTMENT | ||
| 650 | _aUNITISATION | ||
| 690 | _aPROPERTY LAW AND PRACTICE | ||
| 942 | _n0 | ||
| 948 | _c04/03/1997 | ||
| 999 |
_c24676 _d24676 |
||